Housing policy and employment in the Slovak Republic

Bytová politika patrí medzi tie dôležitejšie oblasti sociálnej politiky. Hlavným cieľom štátnej bytovej politiky je postupné zvyšovanie celkovej úrovne bývania tak, aby bolo pre obyvateľstvo dostupné, a aby si každá domácnosť mohla zabezpečiť primerané bývanie. V tomto duchu je potrebné vytvárať rám...

Full description

Saved in:
Bibliographic Details
Main Author: Vidová, Jarmila, 1967-
Format: Book Chapter
Language:English
Subjects:
Tags: Add Tag
No Tags, Be the first to tag this record!

MARC

LEADER 00000nla a2200000 4500
001 0220580
005 20240502101746.6
041 0 |a eng 
044 |a SK 
245 1 0 |a Housing policy and employment in the Slovak Republic  |c Jarmila Vidová 
520 |a Bytová politika patrí medzi tie dôležitejšie oblasti sociálnej politiky. Hlavným cieľom štátnej bytovej politiky je postupné zvyšovanie celkovej úrovne bývania tak, aby bolo pre obyvateľstvo dostupné, a aby si každá domácnosť mohla zabezpečiť primerané bývanie. V tomto duchu je potrebné vytvárať rámec pre zapojenie všetkých subjektov procesu rozvoja bývania pri riešení čiastkových úloh, vytvárať priestor pre participáciu všetkých úrovní rozhodovania a posilňovať partnerstvo medzi verejným, súkromným a mimovládnym sektorom na horizontálnej i vertikálnej úrovni, a to pri rešpektovaní princípov udržateľného rozvoja, energetickej a ekonomickej efektívnosti a sociálnej solidarity. Bývanie je viazané ku konkrétnemu miestu v priestore. V tejto súvislosti sú domácnosti pri rozhodovaní sa o investíciách ovplyvňované viacerými faktormi, dostupnosťou pracovných príležitostí, výškou príjmu domácnosti, postavením na trhu práce, výškou dlhov. 
610 2 0 |a politika bytová 
610 2 0 |a zamestnanosť 
610 2 0 |a Slovensko 
610 2 0 |a trh práce 
610 2 0 |a migrácia 
100 1 |a Vidová, Jarmila, 1967-